Score 0/7 Timer 03:00
0 Plays Today
Question Answer Wrong Answers
The United States Senate breaks a 75-day ______ against the Civil Rights Act of 1964, ultimately leading to the bill's passage.
1964
Filibuster
87.3%
Gerrymander
6.1%
Muckraker
2.1%
Pork Barrel
1.8%
Despite beginning his career as a pitcher, this man hits career home run number 120, becoming the all-time leader for 20th century home runs.
1921
Babe Ruth
81.7%
Ty Cobb
10.7%
Honus Wagner
3%
‘Shoeless Joe’ Jackson
4.1%
This American actress, who won an Academy Award for her role in ‘Gone with the Wind’, becoming the first African American to win an Oscar, is born.
1895
Hattie McDaniel
78.9%
Cicely Tyson
6.4%
Dorothy Dandridge
8.3%
Ethel Waters
6.4%
The Kingdom of ______ declares war on France and Great Britain.
1940
Italy
54.7%
Croatia
5.9%
Japan
34.1%
Finland
3.8%
With a theme of ‘Future Energy’, the 2017 World Expo is opened in Astana, ______.
2017
Kazakhstan
54.2%
Turkey
28.3%
Jordan
7.8%
Eritrea
6.4%
Nazis burn the ______ village of Lidice in reprisal for the killing of Reinhard Heydrich, who had served as Deputy Protector of Bohemia and Moravia.
1942
Czech
52.3%
Polish
33.6%
Spanish
1.7%
French
9.9%
With a victory at the 110th Belmont Stakes, this horse completes the Triple Crown, the last to accomplish this feat until 2015.
1978
Affirmed
43.2%
Sir Barton
3.8%
War Admiral
27.3%
American Pharoah
22.6%
Come Together.
Have Fun.
All Virtual.
We all need to come together. Play Sporcle's virtual live trivia to have fun, connect with people, and get your trivia on. Join a live hosted trivia game for your favorite pub trivia experience done virtually. If a virtual private party is more your thing, go here for details.

You're not logged in!

Compare scores with friends on all Sporcle quizzes.
OR
Log In

Sporcle TV

Today on Sporcle TV


Watch our educational content, quiz creation guides, and fun videos on Sporcle TV.

Show Comments

Extras

Top Quizzes Today


Score Distribution

Paid Content

Your Account Isn't Verified!

In order to create a playlist on Sporcle, you need to verify the email address you used during registration. Go to your Sporcle Settings to finish the process.

Report this User

Report this user for behavior that violates our Community Guidelines.

Details: